| 000 | 00930nam a22002897a 4500 | ||
|---|---|---|---|
| 001 | 5308 | ||
| 003 | FISKH | ||
| 005 | 20241125152155.0 | ||
| 008 | 241125b cb ||||| |||| 00| 0 eng d | ||
| 020 | _a076714003255 | ||
| 040 |
_aFISKH _beng _cFISKH _dFISKH |
||
| 050 | _aPZ7.S14355 | ||
| 100 |
_aSt.Pierre, Stephanie _d(1985-) |
||
| 245 |
_aReptar to the rescue! / _cBy Stephan St. Pierre Illustrated by George Ulrich |
||
| 250 | _a1997 | ||
| 260 |
_aNew York : _bLittle Simon, _c1997. |
||
| 300 |
_a22 pages : _bColor illustrations ; _c21 cm |
||
| 505 | _aG | ||
| 520 | _aWhen WonderWinder, a toy designed by Tommy's dad, runs amok, the day suddenly becomes more exciting than even Tommy had bargained for. | ||
| 521 | 8 |
_a410L
_bLexile |
|
| 521 | 8 |
_aG
_bRaz-Plus |
|
| 650 |
_2Children's _aFunny |
||
| 650 |
_2Rugrats _aDinosaurs |
||
| 700 |
_aUlrich, George _dIllustrator |
||
| 942 |
_2ddc _cBK _n0 |
||
| 999 |
_c5308 _d5308 |
||